| 000 | 00565nam a2200181Ia 4500 | ||
|---|---|---|---|
| 003 | IN-BaIIA | ||
| 008 | 211028s9999 xx 000 0 eng d | ||
| 040 | _cIIA Library | ||
| 080 |
_a52-77 _bSYN |
||
| 100 |
_aPerley, Richard A _915241 |
||
| 245 | 0 |
_aSynthesis imaging _cRichard A Perley |
|
| 260 |
_aSanfrancisco _bAstronomical Society of the Pacific _c1986 |
||
| 300 | _axiv, 278p. | ||
| 650 | _aAstronomy and astrophysics thesaurus | ||
| 650 |
_aImage processing _96569 |
||
| 650 |
_aInterferometry _93249 |
||
| 942 | _cBK | ||
| 999 |
_c9064 _d9064 |
||